000 01840cam a2200301 4500
001 ABS66449
008 030306n2003 000 0 eng u
035 _a(Sirsi) u121537
245 _aGoldmile Properties Ltd v Speiro Lechouritis
260 _c2003
490 _aEstates Gazette
_v[2003] EG 121 (CS)
490 _aEstates Gazette
_v[2003] 15 EG 143-146(4)
520 _a[2003] EWCA Civ 49, 29 January 2003. The claimant (S) the lessee, ran a restaurant business. The lease contained a covenant for quiet enjoyment in favour of S and a covenant by the landlord G to repair parts of the building which were not the responsibility of S. In 1997 G carried out repair works which severely disrupted S's restaurant business and S made a claim against G for loss of profit. The district judge found for G on the basis that the repairs were necessary and there was no breach of the covenant for quiet enjoyment. On S's appeal the decision was reversed. G appealed. The issue was whether G had to take all reasonable precautions or all possible precautions. CA held that G had taken all reasonable steps to respect S's contractual interests. Appeal allowed. Judgment of district judge dismissing claim restored. View judgment at www.courtservice.gov.uk.
590 _aABS
650 _aGOLDMILE PROPERTIES LTD V SPEIRO LECHOURITIS
650 _aBUSINESS TENANCIES
650 _aCOVENANT FOR QUIET ENJOYMENT
650 _aSERVICE CHARGES
650 _aDISTURBANCE
650 _aBUILDING WORKS
650 _aREPAIRING COVENANTS
650 _aDISRUPTION TO BUSINESS
650 _aINTERPRETATION
650 _aREASONABLE STEPS
690 _aLANDLORD AND TENANT-BUSINESS TENANCIES-CASE LAW
856 _uhttps://www.bailii.org/ew/cases/EWCA/Civ/2003/49.html
_zView the judgment free of charge at www.bailli.org
942 _n0
999 _c72238
_d72238